Города Саратовской области - Statistics

General Stats
  • This quiz has been taken 77 times
  • The average score is 10 of 18
Answer Stats
Население Город % Correct
887 365 Саратов
98%
225 428 Энгельс
96%
184 466 Балаково
81%
28 749 Маркс
71%
74 057 Балашов
69%
55 035 Вольск
63%
40 127 Пугачёв
58%
22 709 Аткарск
56%
14 296 Красный Кут
46%
37 850 Ртищево
44%
15 216 Новоузенск
44%
12 042 Хвалынск
44%
10 990 Аркадак
44%
18 095 Ершов
42%
26 319 Петровск
40%
21 350 Красноармейск
40%
14 949 Калининск
35%
5155 Шиханы
25%
No matching quizzes found
Score Distribution
Percent of People with Each Score
Percentile by Number Answered
Your Score History
You have not taken this quiz